000 00355cam a22001097a 4500
008 180718b1980 xxu||||| |||| 00| 0 eng d
082 _aA75 Ut8MU
245 _aUttar Pradesh district gazetteers: Muzaffarnagar
_cedited by Dangli Prasad Varun
260 _aLucknow
_bDepartment of District Gazetteers
_c1980
300 _a317p.
700 _aVarun, Dangli Prasad
999 _c487045
_d487045